| 000 | 00553nam a22002177a 4500 | ||
|---|---|---|---|
| 005 | 20140211143456.0 | ||
| 008 | 140211b xxu||||| |||| 00| 0 eng d | ||
| 020 |
_a9788131307106 _c695.00 |
||
| 040 | _aLoreto College | ||
| 041 | _aEnglish | ||
| 082 |
_a370.7 _bKUM |
||
| 100 | _aKumar, T. Pradeep | ||
| 245 |
_aTeacher education _cT. Pradeep Kumar |
||
| 260 |
_aNew Delhi _bAPH _c2010 |
||
| 300 |
_avi, 242p. _b22cm. |
||
| 504 | _aIncludes bibliography | ||
| 630 | _aEducation | ||
| 650 | _aTeacher- Education | ||
| 850 | _aLCBED | ||
| 942 | _cBK | ||
| 999 |
_c39059 _d89538 |
||